Necesidad de datos contables no financieros para la toma de decisiones (Registro nro. 16812)

Detalles MARC
000 -LEADER
fixed length control field 00370 a2200109 4500
001 - CONTROL NUMBER
control field ART_6801
005 - DATE AND TIME OF LATEST TRANSACTION
control field 20260410161719.0
008 - FIXED-LENGTH DATA ELEMENTS--GENERAL INFORMATION
fixed length control field 260409a
100 1# - MAIN ENTRY--PERSONAL NAME
Personal name García Casella, Carlos Luis
245 10 - TITLE STATEMENT
Title Necesidad de datos contables no financieros para la toma de decisiones
773 0# - HOST ITEM ENTRY
Title Contabilidad y auditoría
Related parts - Año 4, Nº 7 (jun. 1998)
Record control number REV1723

No hay ítems disponibles.